500 Cutest Animals Picture Quiz (#500-#301) - Statistics

General Stats
  • This quiz has been taken 200 times
  • The average score is 41 of 200
Answer Stats
Picture Answer % Correct
Snail
73%
Cattle
71%
Chicken
71%
Horse
71%
Narwhal
69%
Octopus
68%
Pig
65%
Elephant
64%
Ladybug
64%
Lion
64%
Starfish
64%
Flamingo
62%
Seahorse
61%
Duck
60%
Hippopotamus
60%
Llama
60%
Ostrich
60%
Walrus
60%
Skunk
58%
Butterfly
55%
Peacock
55%
Polar Bear
55%
Gorilla
53%
Grizzly Bear
53%
Sloth
53%
Chameleon
52%
Swordfish
52%
Moose
51%
Orca
51%
Toucan
51%
Donkey
50%
Turkey
50%
Panther
49%
Alpaca
48%
Bison
48%
Emu
48%
Owl
48%
Cheetah
47%
Opossum
47%
Baboon
46%
Black Bear
45%
Warthog
44%
Reindeer
43%
Dingo
42%
Puffer Fish
42%
Goat
40%
Horseshoe Crab
40%
Humpback Whale
38%
Axolotl
36%
Boar
36%
Manatee
36%
Mountain Goat
36%
Puma
36%
Wildebeest
35%
Bengal Tiger
34%
Cougar
34%
Porcupine
34%
Tapir
34%
Coyote
33%
Red Fox
33%
Gecko
32%
Lionfish
32%
Weasel
32%
Fruit Bat
31%
Snowy Owl
31%
Bobcat
29%
Echidna
29%
Mallard
29%
Naked Mole Rat
29%
Nudibranch
29%
Whale Shark
29%
White Rhinoceros
29%
Aardvark
27%
Okapi
27%
Black Rhinoceros
25%
Box Jellyfish
23%
Cuttlefish
23%
Pangolin
23%
Wolverine
23%
Impala
18%
Liger
18%
Mole Rat
18%
Vole
18%
Giant Squid
17%
Dugong
16%
Elephant Seal
16%
Proboscis Monkey
15%
Green Sea Turtle
14%
Flying Fish
13%
River Dolphin
13%
Bactrian Camel
12%
Galapagos Tortoise
12%
Giant Clam
12%
Musk Ox
12%
Star-Nosed Mole
12%
Sumatran Tiger
12%
Firefly
11%
Oryx
11%
Poison Dart Frog
11%
Spectacled Bear
11%
Cape Buffalo
10%
Cormorant
10%
Pill Bug
10%
Quetzal
10%
Rockhopper Penguin
10%
Spotted Hyena
10%
Red-Eyed Tree Frog
9%
Sloth Bear
9%
Maned Wolf
8%
Marine Iguana
8%
Eland
7%
Leafy Seadragon
7%
Lemming
7%
Robin
7%
Kangaroo Rat
6%
Kudu
6%
Peccary
6%
Coelacanth
5%
Elephant Shrew
5%
Pronghorn
5%
Red Uakari
5%
Burton's Legless Lizard
4%
Hawksbill Sea Turtle
4%
Horned Lizard
4%
Nine-Banded Armadillo
4%
Numbat
4%
Zebra Finch
4%
Addax
3%
Butterfly Fish
3%
Colugo
3%
Coypu
3%
Eastern Mole
3%
Golden Mole
3%
Great Egret
3%
Onager
3%
Plover
3%
Damselfish
2%
Genet
2%
Jaguarundi
2%
Musk Deer
2%
Nyala
2%
Spinner Dolphin
2%
Spotted Seal
2%
Takin
2%
American Wolf
1%
Arabian Camel
1%
Banteng
1%
Barramundi
1%
Galapagos Sea Lion
1%
Glass Frog
1%
June Bug
1%
Marbled Polecat
1%
Muntjac
1%
Olingo
1%
Pallid Sturgeon
1%
Ross Seal
1%
Sifaka
1%
Sitatunga
1%
Smooth-Coated Otter
1%
Tawny Frogmouth
1%
Topi
1%
African Barred Owlet
0%
African Linsang
0%
Aldabra Flying Fox
0%
Argonaut
0%
Barbirusa Pig
0%
Bearded Pig
0%
Cantor's Giant Softshell Turtle
0%
Caribbean Reef Octopus
0%
Chuditch
0%
Dibbler
0%
Dwarf Zebu
0%
European Wolf
0%
Iberian Mole
0%
Kemp's Ridley Sea Turtle
0%
Kitti's Hog-Nosed Bat
0%
Kouprey
0%
Kuhli Loach
0%
Long-Nosed Bandicoot
0%
Malagasy Jumping Rat
0%
Mountain Beaver
0%
Mountain Bongo
0%
Northern Fur Seal
0%
Piglet Squid
0%
Pygmy Octopus
0%
Red-Footed Booty
0%
Sclater's Lemur
0%
Serow
0%
Snares Penguin
0%
Somali Wild Ass
0%
Springhaas
0%
Starry Smooth-Hound Shark
0%
Stellar Sea Lion
0%
Teacup Pig
0%
Tenrec
0%
Transcaspian Urial
0%
Vietnamese Long-Nosed Snake
0%
Visayan Warty Pig
0%
Western Long-Nosed Snake
0%
White-Crested Laughingthrush
0%
No matching quizzes found
Score Distribution
Percent of People with Each Score
Percentile by Number Answered
Your Score History
You have not taken this quiz